Essentials of human anatomy & physiology / (Record no. 275884)
[ view plain ]
| 000 -LEADER | |
|---|---|
| fixed length control field | 01463cam a22003254a 4500 |
| 001 - CONTROL NUMBER | |
| control field | MEB027612 CDL007312 |
| 005 - DATE AND TIME OF LATEST TRANSACTION | |
| control field | 20140925151704.0 |
| 007 - PHYSICAL DESCRIPTION FIXED FIELD--GENERAL INFORMATION | |
| fixed length control field | co |g||||||||| |
| 008 - FIXED-LENGTH DATA ELEMENTS--GENERAL INFORMATION | |
| fixed length control field | 100929s2012 caua b 001 0 eng |
| 010 ## - LIBRARY OF CONGRESS CONTROL NUMBER | |
| LC control number | 2010041190 |
| 020 ## - INTERNATIONAL STANDARD BOOK NUMBER | |
| International Standard Book Number | 9780321735522 |
| 035 ## - SYSTEM CONTROL NUMBER | |
| System control number | (OCoLC)ocn667874002 |
| 040 ## - CATALOGING SOURCE | |
| Original cataloging agency | DNLM/DLC |
| Transcribing agency | DLC |
| Modifying agency | YDX |
| -- | YDXCP |
| -- | DLC |
| 042 ## - AUTHENTICATION CODE | |
| Authentication code | pcc |
| 050 00 - LIBRARY OF CONGRESS CALL NUMBER | |
| Classification number | QP 34.5 |
| Item number | .M337 2012 |
| 100 1# - MAIN ENTRY--PERSONAL NAME | |
| Personal name | Marieb, Elaine Nicpon, |
| Dates associated with a name | 1936- |
| 245 10 - TITLE STATEMENT | |
| Title | Essentials of human anatomy & physiology / |
| Statement of responsibility, etc | Elaine N. Marieb. |
| 246 3# - VARYING FORM OF TITLE | |
| Title proper/short title | Essentials of human anatomy and physiology. |
| 250 ## - EDITION STATEMENT | |
| Edition statement | 10th ed. |
| 260 ## - PUBLICATION, DISTRIBUTION, ETC. (IMPRINT) | |
| Place of publication, distribution, etc | San Francisco, CA : |
| Name of publisher, distributor, etc | Benjamin Cummings, |
| Date of publication, distribution, etc | c2012. |
| 300 ## - PHYSICAL DESCRIPTION | |
| Extent | xxiv, 632 p. : |
| Other physical details | col. ill. ; |
| Dimensions | 28 cm. + |
| Accompanying material | 1 CD-ROM (4 3/4 in.) |
| 500 ## - GENERAL NOTE | |
| General note | LC copy 2 imperfect: accompanying CD-ROM wanting. |
| Institution to which field applies | DLC. |
| 504 ## - BIBLIOGRAPHY, ETC. NOTE | |
| Bibliography, etc | Includes bibliographical references and index. |
| 505 0# - FORMATTED CONTENTS NOTE | |
| Formatted contents note | The human body : an orientation -- Basic chemistry -- Cells and tissues -- Skin and body membranes -- The skeletal system -- The muscular system -- The nervous system -- Special senses -- The endocrine system -- Blood -- The cardiovascular system -- The lymphatic system and body defenses -- The respiratory system -- The digestive system and body metabolism -- The urinary system -- The reproductive system. |
| 650 #0 - SUBJECT ADDED ENTRY--TOPICAL TERM | |
| Topical term or geographic name as entry element | Human physiology. |
| 650 #0 - SUBJECT ADDED ENTRY--TOPICAL TERM | |
| Topical term or geographic name as entry element | Human anatomy. |
| 650 ## - SUBJECT ADDED ENTRY--TOPICAL TERM | |
| Topical term or geographic name as entry element | Anatomy. |
| 650 ## - SUBJECT ADDED ENTRY--TOPICAL TERM | |
| Topical term or geographic name as entry element | Physiological Phenomena. |
| 942 ## - ADDED ENTRY ELEMENTS (KOHA) | |
| Source of classification or shelving scheme | Library of Congress Classification |
| Koha item type | Books |
| Call number prefix | Foreign |
| Withdrawn status | Lost status | Source of classification or shelving scheme | Damaged status | Home library | Current library | Shelving location | Date acquired | Source of acquisition | Total Checkouts | Total Renewals | Full call number | Barcode | Date last seen | Date checked out | Price effective from | Koha item type |
|---|---|---|---|---|---|---|---|---|---|---|---|---|---|---|---|---|
| Library of Congress Classification | College Library | College Library | Reserve Section | 09/25/2014 | Library Fund | 2 | 33 | QP 34.5 .M337 2012 | C18662 | 12/07/2018 | 08/17/2018 | 09/25/2014 | Books |